Statistics for All train stations in North Yorkshire

Click here to take the quiz!

General Stats

  • This quiz has been taken 30 times
  • The average score is 28 of 61

Answer Stats

HintAnswer% Correct
East Coast main lineYork
95%
Harrogate lineHarrogate
91%
York-Scarborough lineScarborough
91%
East Coast main lineNorthallerton
86%
East Coast main lineThirsk
82%
Tees Valley lineMiddlesbrough
77%
Selby lineSelby
77%
Esk Valley lineWhitby
73%
Harrogate lineKnaresborough
68%
Settle-Carlisle lineSettle
68%
York-Scarborough lineMalton
64%
Harrogate linePoppleton
64%
York-Scarborough lineSeamer
59%
Airedale lineSkipton
59%
Harrogate lineStarbeck
59%
Harrogate lineCattal
55%
Tees Valley lineSaltburn
55%
Dearne Valley lineChurch Fenton
50%
Harrogate linePannal
50%
Northallerton-Eaglescliffe lineYarm
50%
Esk Valley lineBattersby
45%
Esk Valley lineGrosmont
45%
Harrogate lineHornbeam Park
45%
Esk Valley lineSleights
45%
Harrogate lineWeeton
45%
Esk Valley lineDanby
41%
Esk Valley lineEgton
41%
Yorkshire Coast lineFiley
41%
Harrogate lineHammerton
41%
Esk Valley lineJames Cook
41%
Esk Valley lineKildale
41%
Esk Valley lineNunthorpe
41%
Settle-Carlisle lineRibblehead
41%
Esk Valley lineRuswarp
41%
Dearne Valley lineSherburn-in-Elmet
41%
Selby lineSouth Milford
41%
Tees Valley lineThornaby
41%
Dearne Valley lineUlleskelf
41%
Leeds-Morecambe lineGiggleswick
36%
Esk Valley lineGlaisdale
36%
Settle-Carlisle lineHorton-in-Ribblesdale
36%
Esk Valley lineLealholm
36%
Esk Valley lineCommondale
32%
Leeds-Morecambe lineGargrave
32%
Esk Valley lineGreat Ayton
32%
Esk Valley lineGypsy Lane
32%
Leeds-Morecambe lineHellifield
32%
Leeds-Morecambe lineLong Preston
32%
Esk Valley lineMarton
32%
Tees Valley lineRedcar Central
32%
Leeds-Morecambe lineBentham
27%
Esk Valley lineCastleton Moor
27%
Leeds-Morecambe lineClapham
27%
Yorkshire Coast lineHunmanby
27%
Tees Valley lineLongbeck
27%
Tees Valley lineMarske
27%
Tees Valley lineRedcar East
27%
Airedale lineCononley
23%
Pontefract lineHensall
23%
Tees Valley lineSouth Bank
18%
Pontefract lineWhitley Bridge
18%

Score Distribution

Percentile by Number Answered

Percent of People with Each Score

Your Score History

You have not taken this quiz